000
00275nam a22001337a 4500
003
SGT
082
_a
KEE
100
_a
KEEGAN, WARREN J.
245
_a
GLOBAL MARKETING M,ANAGEMENT
250
_a
8TH
260
_a
PEARSON INDIA
_c
2017
300
_a
476
942
_2
ddc
_c
BK
_0
1
999
_c
14246
_d
14246